Thú y bệnh học đại cương

TM tài liệu thao khảo tr.157-158; Những kiến thức cơ bản và tư liệu học tập về các biến đổi bệnh lí trong tế bào và mô, mối quan hệ giữa hình thái và chức năng, giải thích những biểu hiện lâm sàng của bệnh thú y, đánh giá kết quả chẩ...

Volledige beschrijving

Bewaard in:
Bibliografische gegevens
Hoofdauteur: Nguyễn, Văn Khanh
Andere auteurs: Lê, Nguyễn Phương Khanh
Formaat: Boek
Taal:Undetermined
Gepubliceerd in: Tp. HCM. Đại học Quốc gia Tp.HCM 2018
Onderwerpen:
Online toegang:http://lrc.tdmu.edu.vn/opac/search/detail.asp?aID=2&ID=32809
Tags: Voeg label toe
Geen labels, Wees de eerste die dit record labelt!
Thư viện lưu trữ: Trung tâm Học liệu Trường Đại học Thủ Dầu Một
LEADER 01207nam a2200217Ia 4500
001 TDMU_32809
008 210410s9999 xx 000 0 und d
082 |a 551.8 
090 |b NG527 
100 |a Nguyễn, Văn Khanh 
245 0 |a Thú y bệnh học đại cương 
245 0 |c Nguyễn Văn Khanh, Lê Nguyễn Phương Khanh 
260 |a Tp. HCM. 
260 |b Đại học Quốc gia Tp.HCM 
260 |c 2018 
300 |a 158tr. 
520 |a TM tài liệu thao khảo tr.157-158; Những kiến thức cơ bản và tư liệu học tập về các biến đổi bệnh lí trong tế bào và mô, mối quan hệ giữa hình thái và chức năng, giải thích những biểu hiện lâm sàng của bệnh thú y, đánh giá kết quả chẩn đoán mô bệnh học để có thể ứng dụng vào phòng bệnh và chữa bệnh sau này 
650 |a Thú y; Thú y  |x Bệnh học 
700 |a Lê, Nguyễn Phương Khanh 
856 |u http://lrc.tdmu.edu.vn/opac/search/detail.asp?aID=2&ID=32809 
980 |a Trung tâm Học liệu Trường Đại học Thủ Dầu Một